Capitale Des Pays Européens - Statistiques

Statistiques générales
  • Ce quiz a été pris 1 530 fois
  • Le résultat moyen est 26 sur 47
Statistiques - réponses
Hint Réponse % Correct
France Paris
96%
Allemagne Berlin
93%
Espagne Madrid
91%
Italie Rome
90%
Belgique Bruxelles
84%
Royaume Uni Londres
81%
Portugal Lisbonne
80%
Luxembourg Luxembourg
80%
Monaco Monaco
78%
Russie Moscou
78%
Grèce Athènes
74%
Pays-Bas Amsterdam
73%
Ukraine Kiev
71%
Autriche Vienne
69%
Irlande Dublin
68%
Vatican Vatican
68%
Norvège Oslo
66%
Suisse Berne
65%
Hongrie Budapest
61%
Pologne Varsovie
59%
Suède Stockholm
57%
Danemark Copenhague
56%
Finlande Helsinki
56%
Croatie Zagreb
56%
Roumanie Bucarest
55%
Bulgarie Sofia
54%
Saint-Marin Saint-Marin
53%
Tchéquie Prague
49%
Andorre Andorre-la-Vieille
47%
Gibraltar Gibraltar
46%
Malte La Valette
44%
Islande Reykjavik
43%
Albanie Tirana
41%
Lettonie Riga
39%
Bosnie-Herzégovine Sarajevo
39%
Biélorussie Minsk
37%
Serbie Belgrade
35%
Lituanie Vilnius
35%
Chypre Nicosie
33%
Slovaquie Bratislava
32%
Slovénie Ljubljana
32%
Liechtenstein Vaduz
30%
Estonie Talinn
29%
Kosovo Pristina
25%
Moldavie Chisinau
24%
Macédoine du Nord Skopje
24%
Monténégro Podgorica
23%
Aucun quiz correspondant
Distribution des résultats
% des personnes avec chaque résultat
Percentile par nombre de réponses
Votre historique - résultats
Vous n’avez pas pris ce quiz